000 00735nam a2200217 a 4500
005 20260307064019.0
008 081119s2004 mx r 000 0 spa d
020 _a9685142637
035 _aUPN01000168022
049 _aI
050 4 _aP211
_bR6.9
100 1 _aRossi, Renzo
245 1 3 _aLa revolución del alfabeto /
_cRenzo Rossi ; il. Alessandro Baldanzi ; tr. Valentina Cantón.
260 _aNaucalpan, Estado de México :
_bCorreo del Maestro :
_bLa Vasija,
_c2004.
300 _a29 p. :
_bil. col.
440 3 _aEl arte de leer y escribir
650 4 _aESCRITURA -
_xHISTORIA -
_vLITERATURA INFANTIL
_912578
650 4 _aAlfabeto
_xHistoria
_91988
650 4 _aALFABETO -
_vLITERATURA INFANTIL
_911217
905 _aInfantil
999 _c140131
_d140131